000 03052nam0a2200421 4500
001 RU\NLR\BIBL_A\012099739
005 20260407115704.0
035 _a(NLR Aleph) 012099739
090 _a11899626
_c11899626
100 _a20190924d1897 |||y0rusy50 ca
101 0 _arus
102 _aRU
105 _ay z 000zy
200 1 _aО замене взимаемых в Сибири подушных сборов государственною оброчною и поземельною податями
_eпредставление по сему делу разослано Членам Государственного Совета, в печатных экземплярах
_fГосударственный Совет в Соединенных Департаментах Государственной Экономии, Законов, и Гражданских и Духовных дел, Министерство Финансов. 13 ноября 1897 года. № 443
210 _a[Санкт-Петербург
_cб. и.]
_d1897
215 _a22 с.
_d32
300 _aВ конце текста: Подписали: Д. Сольский, М. Каханов, В. Маркус [и др.]; Скрепил: Статс-Секретарь Г. Шамшин
300 _aНа стр. 1, 5, 9, 13, 17, 21: CMXLVIII
309 _aБез тит. л. и обл.
601 0 1 _aРоссия
_bСоединенные департаменты государственной экономии, законов и гражданских и духовных дел
_jДокументы и материалы
_92438994
_3RU\NLR\AUTH\6601669047
606 1 _aПодушная подать
_jДокументы и материалы
_yРоссия
_92593408
_3RU\NLR\AUTH\6601742127
686 3 _aУ03(2)5,011
686 3 _aХ2(2)5-523,011
686 3 _aУ26(28)141.319.219,011
686 3 _aХ2(2)46-512,011
702 1 _4720
_8rus
_7ca
_aСольский
_bД. М.
_cгос. деятель
_f1833-1910
_gДмитрий Мартынович
_3RU\NLR\AUTH\7783181
_966109
702 1 _4720
_7ca
_8rus
_aКаханов
_bМ. С.
_f1833-1900
_gМихаил Семёнович
_9197457
_3RU\NLR\AUTH\770197508
702 1 _4720
_7ca
_8rus
_aМаркус
_bВ. М.
_f1826-1901
_gВладимир Михайлович
_9197462
_3RU\NLR\AUTH\770197513
702 1 _4720
_aШамшин
_bГ. И.
_cгос. деятель
_f1853-1918
_gГригорий Иванович
_9197513
_3RU\NLR\AUTH\770197564
712 0 1 _4570
_aРоссия
_bМинистерство финансов
_3RU\NLR\AUTH\889947360
_9390360
712 0 1 _4570
_aРоссия
_bСоединенные департаменты государственной экономии, законов и гражданских и духовных дел
_9680800
_3RU\NLR\AUTH\880510211
712 0 1 _4570
_aРоссия
_bГосударственный совет
_3RU\NLR\AUTH\889948587
_9392796
852 _aNLR
_j135/294-320(44)
942 _cBOOK
980 _aNB